| 000 | 00786nam a2200217 a 4500 | ||
|---|---|---|---|
| 005 | 20210219160210.0 | ||
| 008 | 080924s1990 mx r 000 0 spa d | ||
| 035 | _aUPN01000160764 | ||
| 049 | _aUNE | ||
| 080 | _a374 (861) TAR. | ||
| 100 | 1 | _aTarazona de Niño, Lucía | |
| 245 | 1 | 0 |
_aAvances en la coordinación entre educación formal y no formal : _bel SENA de Colombia / _cLucía Tarazona de Niño. |
| 260 |
_aColombia : _bSENA; _aParis : _bUNESCO, _c1990. |
||
| 300 | _a9 p. | ||
| 690 | _aEducacion no formal- Colombia | ||
| 690 | _aColombia- Educacion no formal | ||
| 710 | 2 | _aServicio Nacional de Aprendizaje (Colombia) | |
| 710 | 2 | _aUNESCO | |
| 711 | 2 | _aCongreso Internacional "Planeamiento y Gestión del Desarrollo de la Educación", 1990 : México | |
| 905 | _aUNESCO | ||
| 999 |
_c132877 _d132877 |
||